MARC details
| 000 -LEADER |
| fixed length control field |
01646cam a22004097a 4500 |
| 001 - CONTROL NUMBER |
| control field |
16494251 |
| 003 - CONTROL NUMBER IDENTIFIER |
| control field |
GZU |
| 005 - DATE AND TIME OF LATEST TRANSACTION |
| control field |
20210315085350.0 |
| 008 - FIXED-LENGTH DATA ELEMENTS--GENERAL INFORMATION |
| fixed length control field |
101007s2010 enk b 000 0 eng |
| 010 ## - LIBRARY OF CONGRESS CONTROL NUMBER |
| LC control number |
2010513324 |
| 015 ## - NATIONAL BIBLIOGRAPHY NUMBER |
| National bibliography number |
GBA9C3498 |
| Source |
bnb |
| 016 7# - NATIONAL BIBLIOGRAPHIC AGENCY CONTROL NUMBER |
| Record control number |
015443324 |
| Source |
Uk |
| 020 ## - INTERNATIONAL STANDARD BOOK NUMBER |
| International Standard Book Number |
9781847420893 (pbk.) |
| 020 ## - INTERNATIONAL STANDARD BOOK NUMBER |
| International Standard Book Number |
1847420893 (pbk.) |
| 020 ## - INTERNATIONAL STANDARD BOOK NUMBER |
| International Standard Book Number |
9781847420985 (hbk.) |
| 020 ## - INTERNATIONAL STANDARD BOOK NUMBER |
| International Standard Book Number |
1847420982 (hbk.) |
| 035 ## - SYSTEM CONTROL NUMBER |
| System control number |
(OCoLC)ocn477285127 |
| 040 ## - CATALOGING SOURCE |
| Original cataloging agency |
UKM |
| Language of cataloging |
eng |
| Transcribing agency |
UKM |
| Modifying agency |
BTCTA |
| -- |
BWK |
| -- |
YDXCP |
| -- |
C#P |
| -- |
CUS |
| -- |
BWX |
| -- |
CDX |
| -- |
EUM |
| -- |
BDX |
| -- |
DLC |
| 042 ## - AUTHENTICATION CODE |
| Authentication code |
lccopycat |
| 050 00 - LIBRARY OF CONGRESS CALL NUMBER |
| Classification number |
PR6106 FIT 2010 |
| Item number |
V69 2010 |
| 082 04 - DEWEY DECIMAL CLASSIFICATION NUMBER |
| Classification number |
305.01 |
| Edition number |
22 |
| 100 1# - MAIN ENTRY--PERSONAL NAME |
| Personal name |
Fitzpatrick, Tony, |
| Dates associated with a name |
1966- |
| Relator term |
author |
| 245 10 - TITLE STATEMENT |
| Title |
Voyage to utopias : |
| Remainder of title |
a fictional guide through social philosophy / |
| Statement of responsibility, etc. |
Tony Fitzpatrick. |
| 260 ## - PUBLICATION, DISTRIBUTION, ETC. |
| Place of publication, distribution, etc. |
Bristol ; |
| -- |
Portland, OR : |
| Name of publisher, distributor, etc. |
Policy Press, |
| Date of publication, distribution, etc. |
2010. |
| 300 ## - PHYSICAL DESCRIPTION |
| Extent |
241 p. ; |
| Dimensions |
22 cm. |
| 504 ## - BIBLIOGRAPHY, ETC. NOTE |
| Bibliography, etc. note |
Includes bibliographical references. |
| 520 8# - SUMMARY, ETC. |
| Summary, etc. |
This fictional account introduces the reader to key to key ideas on social and political philosophy. It provides them with the key skills of philosophical investigation in a rigorous, yet accessible way. The novel is comical, informative and entertaining, allowing students to experience often complex ideas from the inside. |
| 650 #0 - SUBJECT ADDED ENTRY--TOPICAL TERM |
| Topical term or geographic name entry element |
Utopias. |
| 650 #0 - SUBJECT ADDED ENTRY--TOPICAL TERM |
| Topical term or geographic name entry element |
Social justice. |
| 650 #0 - SUBJECT ADDED ENTRY--TOPICAL TERM |
| Topical term or geographic name entry element |
Sociology |
| General subdivision |
Philosophy. |
| 650 #0 - SUBJECT ADDED ENTRY--TOPICAL TERM |
| Topical term or geographic name entry element |
Utopias |
| Form subdivision |
Fiction. |
| 650 #0 - SUBJECT ADDED ENTRY--TOPICAL TERM |
| Topical term or geographic name entry element |
Social justice |
| Form subdivision |
Fiction. |
| 650 #0 - SUBJECT ADDED ENTRY--TOPICAL TERM |
| Topical term or geographic name entry element |
Sociology |
| General subdivision |
Philosophy |
| Form subdivision |
Fiction. |
| 906 ## - LOCAL DATA ELEMENT F, LDF (RLIN) |
| a |
7 |
| b |
cbc |
| c |
copycat |
| d |
2 |
| e |
ncip |
| f |
20 |
| g |
y-gencatlg |
| 942 ## - ADDED ENTRY ELEMENTS (KOHA) |
| Source of classification or shelving scheme |
Library of Congress Classification |
| Koha item type |
Books |
| Classification part |
6106 |
| Item part |
FIT |
| Call number prefix |
PR |